Responses for show #3036 - Monday, November 10, 1997

1997-B Teen Tournament semifinal game 1.
From DAR Constitution Hall in Washington, D.C.

Contestants

James Sumner, a senior from Jackson, Mississippi

Kathy Thompson, a senior from Gaithersburg, Maryland

Sahir Islam, a senior from Somers, New York

Jeopardy! Round responses

AT THE KENNEDY CENTER
NATIONAL MONUMENTS
THE CIRCUS
ON THE RADIO
CELEB STUFF
COMMON BONDS
    $100 26
Tommy

Sahir
    $100 14
Little Bighorn

Triple Stumper
    $100 11
Elephants

Kathy
    $100 1
DJ

Kathy
    $100 15
Jay Leno

Kathy
    $100 25
prizes

Sahir
    $200 27
(Sahir: Who is Rudolph Valentino?)

Charlie Chaplin

Sahir
Triple Stumper
    $200 7
Oregon Trail

Kathy
    $200 10
the big top

Kathy
    $200 2
Howard Stern

Sahir
    $1,500 17
David Duchovny

Sahir
    $200 24
(Alex: A minute to go.)

things with holes

James
    $300 28
Richard Nixon

Kathy
    $300 8
Fort Sumter

Kathy
    $300 6
cotton candy

Sahir
    $300 3
K

Sahir
    $300 18
Jon Bon Jovi

Triple Stumper
    $300 23
things that make you cry

Kathy
    $400 30
G.F. Handel

Sahir
    $400 9
Devils Tower

Triple Stumper
    $400 12
trapeze

Sahir
    $400 4
Casey Kasem

Sahir
    $400 19
John F. Kennedy, Jr.

James
    $400 22
pins

Sahir
    $500 29
Australia

Kathy
    $500 13
St. Augustine

James
    $500 16
(James: What is an organ?)

calliope

SahirJames
    $500 5
alternative

Triple Stumper
    $500 20
Tori Amos

Kathy
    $500 21
bowls

Sahir

Scores at the first commercial break (after clue 15):

Sahir Kathy James
$1,600 $1,000 $500

Scores at the end of the Jeopardy! Round:

Sahir Kathy James
$4,900 $2,600 $600

Double Jeopardy! Round responses

THE OBLIGATORY POETRY CATEGORY
ART
THE REDCOATS ARE COMING!
"HIGH" SCHOOL
OFF TO A GOOD START
COLLEGE MASCOTS
(Alex: We will show you the mascot, you identify the school for us, please.)
    $200 2
"Nevermore!"

Kathy
    $200 1
eggs

Kathy
    $200 10
France

Kathy
    $200 21
high-tops

Kathy
    $200 17
a green light

James
    $200 20
(Kathy: What is Oklahoma State University?)

Oregon State University

KathyJames
    $400 3
"But only God can make a tree"

Triple Stumper
    $400 5
(Kathy: What is decoupage?)

collage

KathyJames
    $400 9
John Hancock

Sahir
    $400 26
the high five

Kathy
    $400 18
scratch

James
    $400 27
(James: What is Louisiana State?)
(Kathy: What is Florida... State?)

the University of Florida

KathyJames
Triple Stumper
    $600 4
Evangeline

Sahir
    $600 6
photographs

Sahir
    $600 7
Common Sense

Sahir
    $2,000 8
High seas/C's

Sahir
    $600 19
an icebreaker

Sahir
    $600 28
[The end-of-round signal sounds.]

the University of Texas

Sahir
    $800 12
1930s

James
    $1,800 13
Peter Paul Rubens

James
    $800 11
(Sahir: What is Queens?)

Brooklyn

Sahir
Triple Stumper
    $800 22
(Alex: And we have one minute to go.)

high definition

James
    $800 24
the kickoff

Kathy
    $1000 15
Geoffrey Chaucer (The Canterbury Tales)

Sahir
    $1000 14
Claude Monet

Triple Stumper
    $1000 16
the Charles River

Triple Stumper
    $1000 23
high mass

James
    $1000 25
the ground floor (or the ground level)

James

Scores at the end of the Double Jeopardy! Round:

Sahir Kathy James
$10,500 $3,600 $6,800

[wagering suggestions for these scores]

Final Jeopardy! Round responses

THE CONSTITUTION
(Alex: How appropriate, since we are in Constitution Hall.)
KathyWhat is Double Jeopardy?
$3,600
JamesWhat is jeopardy jeopardy?
$6,798
SahirWhat is jeopardy?
$3,200
jeopardy

Final scores:

Sahir Kathy James
$13,700 $0 $13,598
Finalist 3rd place: $5,000 2nd place: $5,000

Game dynamics:

Coryat scores:

Sahir Kathy James
$7,800 $3,600 $5,800
20 R
(including 2 DDs),
2 W
16 R,
3 W
12 R
(including 1 DD),
2 W

Combined Coryat: $17,200

The J! Archive is created by fans, for fans. The Jeopardy! game show and all elements thereof, including but not limited to copyright and trademark thereto, are the property of Jeopardy Productions, Inc. and are protected under law. This website is not affiliated with, sponsored by, or operated by Jeopardy Productions, Inc. Join the discussion at JBoard.tv.